Die baunkust der Renaissance in Italien (Record no. 7993)
[ view plain ]
| 000 -CABECERA | |
|---|---|
| campo de control de longitud fija | 01105nam a2200277 a 4500 |
| 001 - NÚMERO DE CONTROL | |
| campo de control | BRCA_8325 |
| 005 - FECHA Y HORA DE LA ÚLTIMA TRANSACCIÓN | |
| campo de control | 20190320210228.0 |
| 008 - DATOS DE LONGITUD FIJA--INFORMACIÓN GENERAL | |
| campo de control de longitud fija | 300614s1914----gw-a###f##---#000-0#ger-# |
| 041 ## - CÓDIGO DE LENGUA | |
| Código de lengua del texto/banda sonora o título independiente | ger |
| 044 ## - CÓDIGO DEL PAÍS DE LA ENTIDAD EDITORA/PRODUCTORA | |
| Código MARC del país | gw |
| 050 #4 - SIGNATURA TOPOGRÁFICA DE LA BIBLIOTECA DEL CONGRESO | |
| Número de clasificación | NA1115 |
| Número de documento/Ítem | .W5 1914 |
| 100 1# - ENTRADA PRINCIPAL--NOMBRE DE PERSONA | |
| Nombre de persona | Willich, Hans |
| 9 (RLIN) | 20797 |
| 245 10 - MENCIÓN DE TÍTULO | |
| Título | Die baunkust der Renaissance in Italien |
| Resto del título | bis zum Tode Michelangelos |
| Mención de responsabilidad, etc. | von Hans Willich ; in verbindung mit Paul Zucker ; begründet von Fritz Burger ; herausgegeben von A. E. Brinckmann. |
| 260 ## - PUBLICACIÓN, DISTRIBUCIÓN, ETC. | |
| Lugar de publicación, distribución, etc. | Alemania |
| Nombre del editor, distribuidor, etc. | Akademische Verlagsgesellschaft Athenaion |
| Fecha de publicación, distribución, etc. | 1914 |
| 300 ## - DESCRIPCIÓN FÍSICA | |
| Extensión | 2 v. |
| Otras características físicas | il., 19 láminas |
| Dimensiones | 29 cm. |
| 440 #0 - MENCIÓN DE SERIE/PUNTO DE ACCESO ADICIONAL--TÍTULO | |
| Título | Handbuch der Kunstwissenschaft |
| 9 (RLIN) | 20798 |
| 500 ## - NOTA GENERAL | |
| Nota general | Dos ejemplares consecutivos inventariados por el Banco de México como un solo libro |
| 500 ## - NOTA GENERAL | |
| Nota general | R34 |
| 505 0# - NOTA DE CONTENIDO CON FORMATO | |
| Nota de contenido con formato | v.1 Die baunkust der Renaissance in Italien I.-- v.2 Die baunkust der Renaissance in Italien II |
| 650 14 - PUNTO DE ACCESO ADICIONAL DE MATERIA--TÉRMINO DE MATERIA | |
| Término de materia o nombre geográfico como elemento de entrada | Renacimiento italiano |
| Subdivisión general | Arquitectura |
| 9 (RLIN) | 20799 |
| 700 1# - PUNTO DE ACCESO ADICIONAL--NOMBRE DE PERSONA | |
| Nombre de persona | Zucker, Paul |
| Término indicativo de función/relación | colab. |
| 9 (RLIN) | 20800 |
| 700 1# - PUNTO DE ACCESO ADICIONAL--NOMBRE DE PERSONA | |
| Nombre de persona | Burger, Fritz |
| 9 (RLIN) | 20801 |
| 700 1# - PUNTO DE ACCESO ADICIONAL--NOMBRE DE PERSONA | |
| Nombre de persona | Brinckmann, A. E. |
| Término indicativo de función/relación | ed. |
| 9 (RLIN) | 20802 |
| 902 ## - CATALOGADOR | |
| Iniciales | GFM |
| 942 ## - ELEMENTOS DE PUNTO DE ACCESO ADICIONAL (KOHA) | |
| Fuente del sistema de clasificación o colocación | Library of Congress Classification |
| Tipo de ítem Koha | Libros |
| Estado de retiro | Estado de pérdida | Estado dañado | No para préstamo | Localización permanente | Ubicación/localización actual | Fecha de adquisición | Número de inventario | Total de préstamos | Signatura topográfica completa | Código de barras | Fecha visto por última vez | Precio válido a partir de | Tipo de ítem Koha |
|---|---|---|---|---|---|---|---|---|---|---|---|---|---|
| El ejemplar forma parte de la colección y puede ser consultado según las políticas vigentes. | Biblioteca del Museo Franz Mayer (Rogerio Casas-Alatriste) | Biblioteca del Museo Franz Mayer (Rogerio Casas-Alatriste) | 30/06/2014 | R34 | NA1115 .W5 1914 (R34) | 8949 | 22/03/2019 | 22/03/2019 | Libros |